Kvalita života v mestách na Slovensku

Kompozitný index zostavenia rebríčku kvality života slovenských miest. Analýza už publikovaných rebríčkov a indikátory, prostredníctvom ktorých bola kvalita života v jednotlivých mestách alebo štátoch hodnotená. Výsledky hodnotenia.

Gespeichert in:
Bibliographische Detailangaben
1. Verfasser: Černěnko, Tomáš, 1981-
Weitere Verfasser: Krajčuška, Libor
Format: Buchkapitel
Sprache:Slowakisch
Schlagworte:
Tags: Tag hinzufügen
Keine Tags, Fügen Sie das erste Tag hinzu!

MARC

LEADER 00000nla a2200000 4500
001 0233549
005 20240502083622.2
041 0 |a slo 
044 |a CZ 
245 1 0 |a Kvalita života v mestách na Slovensku  |c Tomáš Černěnko, Libor Krajčuška 
520 |a Kompozitný index zostavenia rebríčku kvality života slovenských miest. Analýza už publikovaných rebríčkov a indikátory, prostredníctvom ktorých bola kvalita života v jednotlivých mestách alebo štátoch hodnotená. Výsledky hodnotenia. 
610 2 0 |a Slovensko 
610 2 0 |a mestá 
610 2 0 |a kvalita života 
610 2 0 |a index nákladov životných 
610 2 0 |a podmienky sociálne 
610 2 0 |a podmienky životné 
610 2 0 |a úroveň životná 
100 1 |a Černěnko, Tomáš, 1981- 
700 1 |a Krajčuška, Libor